BSOP header

《論語》的智慧大全集 Lun yu de zhi hui da quan ji = The wisdom in The Analects of Confucius {ch} / (Record no. 29110)

MARC details
000 -LEADER
fixed length control field 02777nam a22002057a 4500
005 - DATE AND TIME OF LATEST TRANSACTION
control field 20140520110023.0
008 - FIXED-LENGTH DATA ELEMENTS--GENERAL INFORMATION
fixed length control field 121212b ch ||||| |||| 00| 0 chi d
020 ## - INTERNATIONAL STANDARD BOOK NUMBER
International Standard Book Number 9787511303929
020 ## - INTERNATIONAL STANDARD BOOK NUMBER
International Standard Book Number 7511303927
100 ## - MAIN ENTRY--PERSONAL NAME
Personal name 任德山 Ren De Shan
245 ## - TITLE STATEMENT
Title 《論語》的智慧大全集 Lun yu de zhi hui da quan ji = The wisdom in The Analects of Confucius {ch} /
Statement of responsibility, etc 任德山 De Shan Ren
260 ## - PUBLICATION, DISTRIBUTION, ETC. (IMPRINT)
Place of publication, distribution, etc 中國 Zhong guo China:
Name of publisher, distributor, etc 中國華僑出版社 The Chinese Overseas Publishing House,
Date of publication, distribution, etc 2010.
300 ## - PHYSICAL DESCRIPTION
Extent 2, 7, 424 p.:
Other physical details ill.;
Dimensions 29 cm.
520 ## - SUMMARY, ETC.
Summary, etc 《的智慧大全集(超值白金版)》內容簡介:《論語》記錄了孔子及其弟子的言行,集中體現了儒家學派的政治主張、倫理思想、道德觀念及教育原則等,是我國傳統文化思想的源頭,也是中國人的智慧寶庫。兩千多年來,無數志士仁人通過精研《論語》,一從中汲取智慧,上以治國平天下,下以修身齊家。《論語的智慧大全集(超值白金版)》是現代讀者領悟《論語》智慧的理想讀本。全書結構謹嚴,按遞進關係分為上、中、下三篇。<br/>上篇首先引導讀者精讀《論語》原文,不僅對整部《論語》逐句進行了準確細緻的注釋和翻譯,同時還有兩大突出特點:一是每一句的章疏中增加了“題解”部分,其中不僅有篇章結構、段落聯結上的提示,而且有對原文義旨以及歷史背景的點撥;二是配備了大量與《論語》內容緊密相關的圖片資料,不但給專業研究者提供了若干研究線索,更便於普通讀者正確理解《論語》的真實含義,實為雅俗共賞。<br/>中篇是在精讀《論語》原文的基礎上,進一步帶領讀者聆聽胡適、錢穆、梁漱溟、辜鴻銘、章太炎、林語堂、蔡元培、陳寅恪、周作人、李澤厚等國學大師對《論語》中包含的人生哲理和處世方略進行解讀。聽大師講《論語》,會讓你輕鬆進入《論語》的豐饒世界,領悟《論語》的思想內涵,掌握其中的智慧精髓。<br/>下篇則通過南懷瑾先生的講解,對《論語》進行再進一步的深讀。南懷瑾被稱為“中國傳統文化的忠實代言人”,對中國傳統文化的復興與普及功不可沒,他對《論語》尤其有獨到的研究,著有《論語別裁》一書行世。南先生的講解通俗易懂,以深入淺出的語言透徹地詮釋《論語》的智慧,於詼諧間見機智,于平易處見深邃,引導讀者把《論語》的智慧應用於實際生活中,成就事業和人生。
600 ## - SUBJECT ADDED ENTRY--PERSONAL NAME
Personal name Confucius {ch}
650 ## - SUBJECT ADDED ENTRY--TOPICAL TERM
Topical term or geographic name as entry element Philosophy, Confucian {ch}.
650 ## - SUBJECT ADDED ENTRY--TOPICAL TERM
Topical term or geographic name as entry element Confucianism {ch}.
700 ## - ADDED ENTRY--PERSONAL NAME
Personal name 刑群麟 Qun lin Xing
942 ## - ADDED ENTRY ELEMENTS (KOHA)
Source of classification or shelving scheme Library of Congress Classification
Item type Books
Holdings
Withdrawn status Lost status Source of classification or shelving scheme Damaged status Not for loan Home library Current library Shelving location Date acquired Accession number Total Checkouts Full call number Barcode Date last seen Price effective from Koha item type
    Library of Congress Classification     BSOP Library BSOP Library Special Collections Chinese 03/13/2013 C-11441   B128.C58 R29 2010 00042741 03/13/2013 03/13/2013 Books
BSOP

Biblical Seminary of the Philippines
  All rights Reserved
  © 2024

CONTACT INFORMATION

Biblical Seminary of the Philippines,
  77-B Karuhatan Road, Valenzuela City,
  PHILIPPINES 1441
  Phone: +632 8292-6795 / 8292-6798
  Fax : +632 8292-6675
  Email: library@bsop.edu.ph